Miley Cyrus - You (Lyrics) - Statistics

General Stats
  • This quiz has been taken 88 times
  • The average score is 173 of 234
Answer Stats
Answer % Correct
a
100%
I
100%
the
94%
you
94%
You
94%
you,
94%
it
91%
my
88%
on
88%
to
88%
with
88%
if
85%
it's
85%
of
85%
off
85%
and
82%
But
82%
but
82%
do
82%
get
82%
Get
82%
love
82%
out
82%
wanna
82%
want
82%
got
79%
have
79%
only
79%
Only
79%
that
79%
under
79%
no
76%
kick
73%
me
73%
me,
73%
moon
73%
night
73%
some
73%
bars
70%
down
70%
kicked
70%
not
70%
set
70%
sex
70%
your
70%
alarms,
67%
am
67%
baggage,
67%
before
67%
exes
67%
for
67%
I'm
67%
know
67%
late
67%
magic,
67%
two
67%
you're
67%
damage
64%
drunk
64%
let's
64%
Let's
64%
make
64%
sweet
64%
Texas,
64%
wild,
64%
wild
64%
don't
61%
drive
61%
floor
61%
forever
61%
in
61%
made
61%
room
61%
Smoke
61%
up
61%
cards
58%
'cause
58%
'cause,
58%
how
58%
kind
58%
savage,
58%
Then
58%
baby,
55%
boots
55%
by
55%
carriage
55%
cigars
55%
Cuban
55%
deal
55%
I'll
55%
just
55%
lasting-
55%
lasting
55%
looking
55%
outta
55%
that's
55%
tonight,
55%
crazy
52%
need
52%
past
52%
reckless
52%
wedding
52%
crash
48%
cut
48%
Dance
48%
fight
48%
hair
48%
horsey
48%
true
48%
again,
45%
done
45%
lights
45%
pick
45%
saved
45%
flip
42%
Jesus
42%
wind
36%
No matching quizzes found
Score Distribution
Percent of People with Each Score
Percentile by Number Answered
Your Score History
You have not taken this quiz